000
00270nam a2200121 a 4500
008
100924s1987|||| d
100
1
_a
Frühauf, Klaus
245
1
0
_a
Experiment
260
_b
Pravda
_a
Bratislava
_c
1987
020
_c
30
044
_a
xo
_c
SK
041
_a
slo
999
_c
10672
_d
10672